Obscure Phobias - Click Quiz - Statistics

General Stats
  • This quiz has been taken 22 times
  • The average score is 5 of 16
Answer Stats
Hint Answer % Correct
Fear Phobophobia
92%
Balloons Globophobia
46%
White Leukophobia
46%
Duck Watching You Anatidaephobia
38%
Yellow Xanthophobia
38%
School Didaskaleinophobia
31%
Absence of a Phone Nomophobia
31%
Bathing Ablutophobia
23%
Driving Amaxophobia
23%
Hands Chirophobia
23%
Everything Pantophobia
23%
Failure Kakorrhaphiophobia
15%
Corn Kalampokiphobia
15%
Belly Buttons Omphalophobia
15%
Wealth Plutophobia
15%
Being Abandoned Athazagoraphobia
8%
No matching quizzes found
Score Distribution
Percent of People with Each Score
Percentile by Number Answered
Your Score History
You have not taken this quiz